000 00788nam a2200241Ia 4500
003 OSt
005 20220923214448.0
006 a|||||r|||| 00| 0
007 ta
008 220922b |||||||| |||| 00| 0 hin d
024 _a169,707
037 _cTextual
040 _aARTS
_cARTS
_bhin
041 _2hin
_ahin
082 _aO152,3M901:g, J8
100 _aवर्मा, वृन्दावनलाल
245 0 _aउपन्यासकार वृन्दावनलाल वर्मा
246 _aUpanyāsakār vṛundāvanalāl varmā
260 _c1958
650 _aहिन्दी साहित्य
_9156264
942 _hO152,3M901:g, J8
_cTEXL
_2CC
999 _c324127
_d324127